Movies by Image #13 - Statistics

General Stats
  • This quiz has been taken 168 times
  • The average score is 5 of 16
Answer Stats
Picture Answer % Correct
Free Guy
69%
Mary Poppins
62%
The Mask of Zorro
62%
Miss Congeniality
45%
The Waterboy
43%
Hot Tub Time Machine
34%
The Longest Yard
34%
A Knight's Tale
24%
A Million Ways to Die in the West
22%
The Founder
22%
Cinderella Man
17%
The Legend of Tarzan
17%
A Time to Kill
12%
Galaxy Quest
11%
Mud
11%
Eagle Eye
7%
No matching quizzes found
Score Distribution
Percent of People with Each Score
Percentile by Number Answered
Your Score History
You have not taken this quiz